[Event "Oberliga Ost-B 1819"]
[Site "Germany"]
[Date "2019.04.07"]
[Round "11.5"]
[White "Nehmert, Ulrich"]
[Black "Haertig, Jens"]
[Result "1/2-1/2"]
[WhiteElo "2218"]
[BlackElo "2148"]
[PlyCount "31"]
[EventDate "2018.10.21"]
[EventType "team-tourn"]
[EventRounds "11"]
[EventCountry "GER"]
[SourceTitle "EXT 2020"]
[Source "ChessBase"]
[SourceDate "2019.10.17"]
[SourceVersion "1"]
[SourceVersionDate "2019.10.17"]
[SourceQuality "1"]
[WhiteTeam "Wiesbaden"]
[BlackTeam "Naumburg"]
[WhiteTeamCountry "GER"]
[BlackTeamCountry "GER"]

1. d4 Nf6 2. c4 e6 3. Nc3 d5 4. cxd5 exd5 5. Bg5 Be7 6. e3 c6 7. Qc2 Nbd7 8. Bd3 h6 9. Bh4 0-0 10. Nf3 Re8 11. 0-0 Ne4 12. Bxe7 Qxe7 13. Bxe4 dxe4 14. Nd2 Nf6 15. Rab1 a5 16. a3 1/2-1/2

[Event "Oberliga Ost-B 1819"]
[Site "Germany"]
[Date "2019.03.24"]
[Round "9.4"]
[White "Wahedi, Ahmad Siar"]
[Black "Nehmert, Ulrich"]
[Result "0-1"]
[WhiteElo "2274"]
[BlackElo "2218"]
[PlyCount "50"]
[EventDate "2018.10.21"]
[EventType "team-tourn"]
[EventRounds "11"]
[EventCountry "GER"]
[SourceTitle "EXT 2020"]
[Source "ChessBase"]
[SourceDate "2019.10.17"]
[SourceVersion "1"]
[SourceVersionDate "2019.10.17"]
[SourceQuality "1"]
[WhiteTeam "Neuberg"]
[BlackTeam "Wiesbaden"]
[WhiteTeamCountry "GER"]
[BlackTeamCountry "GER"]

1. d4 Nf6 2. Bg5 e6 3. e4 h6 4. Bxf6 Qxf6 5. Qd2 b6 6. e5 Qd8 7. f4 Bb7 8. Nc3 d6 9. exd6 Bxd6 10. 0-0-0 Qf6 11. Nh3 g5 12. Bb5+ Nd7 13. fxg5 Qg7 14. Bxd7+ Kxd7 15. d5 Rad8 16. dxe6+ fxe6 17. Nb5 Kc8 18. Nxd6+ Rxd6 19. Qe2 hxg5 20. Rxd6 cxd6 21. Qg4 Bd5 22. Nxg5 Qe5 23. c4 Qe3+ 24. Kc2 Qf2+ 25. Kc3 Rh4 0-1

[Event "Frankfurt-chA"]
[Site "Frankfurt"]
[Date "2018.06.04"]
[Round "5"]
[White "Zweschper, Erich"]
[Black "Nehmert, Ulrich"]
[Result "1/2-1/2"]
[WhiteElo "2007"]
[BlackElo "2149"]
[PlyCount "63"]
[EventDate "2018.04.30"]
[EventType "swiss"]
[EventRounds "7"]
[EventCountry "GER"]
[SourceTitle "EXT 2019"]
[Source "ChessBase"]
[SourceDate "2018.10.10"]
[SourceVersion "1"]
[SourceVersionDate "2018.10.10"]
[SourceQuality "1"]

1. d4 Nf6 2. Nf3 c5 3. d5 b5 4. c4 Bb7 5. a4 bxc4 6. Nc3 g6 7. e4 d6 8. Bxc4 Bg7 9. h3 0-0 10. Qe2 a5 11. 0-0 Na6 12. Bg5 Nb4 13. Rac1 Nd7 14. Rfe1 Nb6 15. b3 Ba6 16. Nd2 Qd7 17. Bxa6 Rxa6 18. Nc4 Nxc4 19. bxc4 Bxc3 20. Rxc3 f6 21. Bh6 Rf7 22. f4 e5 23. f5 gxf5 24. Rg3+ Kh8 25. exf5 Ra8 26. Qh5 Nc2 27. Rf1 Nd4 28. Kh2 Rb8 29. Qg4 Re8 30. Qh5 Rb8 31. Qg4 Re8 32. Qh5 1/2-1/2

[Event "Frankfurt-chA"]
[Site "Frankfurt"]
[Date "2018.05.14"]
[Round "3"]
[White "Kuhn, Gerhard"]
[Black "Nehmert, Ulrich"]
[Result "1/2-1/2"]
[WhiteElo "1927"]
[BlackElo "2149"]
[PlyCount "47"]
[EventDate "2018.04.30"]
[EventType "swiss"]
[EventRounds "7"]
[EventCountry "GER"]
[SourceTitle "EXT 2019"]
[Source "ChessBase"]
[SourceDate "2018.10.10"]
[SourceVersion "1"]
[SourceVersionDate "2018.10.10"]
[SourceQuality "1"]

1. e4 c5 2. c3 g6 3. d4 cxd4 4. cxd4 d5 5. exd5 Nf6 6. Bb5+ Nbd7 7. d6 e6 8. Nc3 Bxd6 9. Bh6 Bf8 10. Qc1 a6 11. Be2 Qb6 12. Bxf8 Kxf8 13. Qh6+ Kg8 14. Qd2 Kg7 15. Nf3 Qd6 16. 0-0 b5 17. Ng5 Bb7 18. Bf3 Bxf3 19. Nxf3 Rac8 20. Rfd1 Rhd8 21. Rdc1 Rc7 22. Ne2 Rdc8 23. Rxc7 Rxc7 24. Rc1 1/2-1/2

[Event "Oberliga Ost-B 1718"]
[Site "Germany"]
[Date "2018.03.18"]
[Round "9.5"]
[White "Dovzik, Juri"]
[Black "Nehmert, Ulrich"]
[Result "1-0"]
[WhiteElo "2304"]
[BlackElo "2276"]
[PlyCount "55"]
[EventDate "2017.10.22"]
[EventType "team-tourn"]
[EventRounds "11"]
[EventCountry "GER"]
[SourceTitle "EXT 2019"]
[Source "ChessBase"]
[SourceDate "2018.10.10"]
[SourceVersion "1"]
[SourceVersionDate "2018.10.10"]
[SourceQuality "1"]
[WhiteTeam "Kassel"]
[BlackTeam "Wiesbaden"]
[WhiteTeamCountry "GER"]
[BlackTeamCountry "GER"]

1. d4 Nf6 2. Nf3 g6 3. g3 Bg7 4. Bg2 c5 5. 0-0 0-0 6. c4 cxd4 7. Nxd4 Nc6 8. Nc3 Nxd4 9. Qxd4 d6 10. Qd3 Nd7 11. b3 Nc5 12. Qd2 a5 13. Ba3 a4 14. b4 Nd7 15. Rac1 Nb6 16. Nd1 Be6 17. Ne3 Rc8 18. Qd3 Rc7 19. Rc2 Qa8 20. Rfc1 Rfc8 21. c5 dxc5 22. bxc5 Nd7 23. c6 bxc6 24. Bxe7 Ne5 25. Qa3 Qa6 26. Bd6 Bf8 27. Bxf8 Rxf8 28. Qd6 1-0

[Event "Oberliga Ost-B 1718"]
[Site "Germany"]
[Date "2018.01.21"]
[Round "5.5"]
[White "Nehmert, Ulrich"]
[Black "Hellwig, Tobias"]
[Result "0-1"]
[WhiteElo "2276"]
[BlackElo "2197"]
[PlyCount "60"]
[EventDate "2017.10.22"]
[EventType "team-tourn"]
[EventRounds "11"]
[EventCountry "GER"]
[SourceTitle "EXT 2019"]
[Source "ChessBase"]
[SourceDate "2018.10.10"]
[SourceVersion "1"]
[SourceVersionDate "2018.10.10"]
[SourceQuality "1"]
[WhiteTeam "Wiesbaden"]
[BlackTeam "Sangerhausen"]
[WhiteTeamCountry "GER"]
[BlackTeamCountry "GER"]

1. e4 Nf6 2. e5 Nd5 3. c4 Nb6 4. d4 d6 5. Nf3 Nc6 6. exd6 exd6 7. Be2 Bg4 8. h3 Bh5 9. Nc3 Be7 10. 0-0 0-0 11. b3 d5 12. c5 Nc8 13. Bf4 a6 14. b4 Qd7 15. Ne5 Nxe5 16. dxe5 Bxe2 17. Nxe2 a5 18. Rb1 axb4 19. Rxb4 Bxc5 20. Rxb7 Bb6 21. Qc2 d4 22. Ng3 d3 23. Rd1 Qd5 24. Rxd3 Qxb7 25. Nh5 Ne7 26. Bh6 gxh6 27. Nf6+ Kg7 28. Rd7 Ng6 29. Nh5+ Kh8 30. Qf5 Qxg2+ 0-1

[Event "Wiesbaden op 29th"]
[Site "Wiesbaden"]
[Date "2017.08.25"]
[Round "3"]
[White "Nehmert, Ulrich"]
[Black "Flach, Erich"]
[Result "1/2-1/2"]
[WhiteElo "2276"]
[BlackElo "2105"]
[PlyCount "30"]
[EventDate "2017.08.24"]
[EventType "swiss"]
[EventRounds "7"]
[EventCountry "GER"]
[SourceTitle "CBM 180 Extra"]
[Source "ChessBase"]
[SourceDate "2017.10.06"]
[SourceVersion "1"]
[SourceVersionDate "2017.10.06"]
[SourceQuality "1"]

1. c4 c5 2. Nf3 Nf6 3. g3 b6 4. Bg2 Bb7 5. 0-0 e6 6. Nc3 d6 7. d4 cxd4 8. Nxd4 Bxg2 9. Kxg2 Qc7 10. Qa4+ Nbd7 11. f3 a6 12. Be3 Qb7 13. Rac1 Rc8 14. Nc2 Be7 15. Nb4 Ra8 1/2-1/2

[Event "Frankfurt-chA"]
[Site "Frankfurt"]
[Date "2017.05.02"]
[Round "2"]
[White "Goebel, Andreas"]
[Black "Nehmert, Ulrich"]
[Result "1/2-1/2"]
[WhiteElo "1845"]
[BlackElo "2144"]
[PlyCount "27"]
[EventDate "2017.04.24"]
[EventType "swiss"]
[EventRounds "7"]
[EventCountry "GER"]
[SourceTitle "EXT 2018"]
[Source "ChessBase"]
[SourceDate "2017.10.13"]
[SourceVersion "1"]
[SourceVersionDate "2017.10.13"]
[SourceQuality "1"]

1. Nf3 c5 2. g3 Nc6 3. Bg2 g6 4. 0-0 Bg7 5. d3 d6 6. e4 Bg4 7. h3 Bd7 8. c3 e5 9. Bg5 Nge7 10. Na3 0-0 11. Qd2 f5 12. Bh6 f4 13. Bxg7 Kxg7 14. d4 1/2-1/2

[Event "Oberliga Ost-B 1617"]
[Site "Germany"]
[Date "2017.03.19"]
[Round "8.3"]
[White "Nehmert, Ulrich"]
[Black "Michaelsen, Nils"]
[Result "0-1"]
[WhiteElo "2324"]
[BlackElo "2396"]
[PlyCount "66"]
[EventDate "2016.10.16"]
[EventType "team-tourn"]
[EventRounds "11"]
[EventCountry "GER"]
[SourceTitle "EXT 2018"]
[Source "ChessBase"]
[SourceDate "2017.10.13"]
[SourceVersion "1"]
[SourceVersionDate "2017.10.13"]
[SourceQuality "1"]
[WhiteTeam "Wiesbaden"]
[BlackTeam "Oberursel"]
[WhiteTeamCountry "GER"]
[BlackTeamCountry "GER"]

1. e4 c5 2. f4 d5 3. exd5 Qxd5 4. Nc3 Qd8 5. Nf3 Nf6 6. d4 e6 7. Bb5+ Bd7 8. Qe2 cxd4 9. Nxd4 Bb4 10. f5 0-0 11. fxe6 Bxb5 12. Ndxb5 a6 13. Na3 Bxa3 14. bxa3 Qc7 15. Bb2 Re8 16. 0-0-0 Rxe6 17. Qf3 Nbd7 18. Nd5 Nxd5 19. Rxd5 Rc8 20. Qd3 Nb6 21. Rd4 Nc4 22. Qc3 f6 23. Rhd1 b5 24. Rd7 Qxh2 25. Qf3 Rce8 26. Kb1 Nxb2 27. Qg4 R6e7 28. Rxe7 Rxe7 29. Qc8+ Kf7 30. Kxb2 Qxg2 31. a4 Qe2 32. Rd8 bxa4 33. Rf8+ Kg6 0-1

[Event "Oberliga Ost-B 1617"]
[Site "Germany"]
[Date "2017.01.15"]
[Round "5.3"]
[White "Hahn, Markus"]
[Black "Nehmert, Ulrich"]
[Result "1/2-1/2"]
[WhiteElo "2333"]
[BlackElo "2324"]
[PlyCount "108"]
[EventDate "2016.10.16"]
[EventType "team-tourn"]
[EventRounds "11"]
[EventCountry "GER"]
[SourceTitle "EXT 2018"]
[Source "ChessBase"]
[SourceDate "2017.10.13"]
[SourceVersion "1"]
[SourceVersionDate "2017.10.13"]
[SourceQuality "1"]
[WhiteTeam "Kassel"]
[BlackTeam "Wiesbaden"]
[WhiteTeamCountry "GER"]
[BlackTeamCountry "GER"]

1. c4 Nf6 2. Nc3 c5 3. g3 e6 4. Nf3 d5 5. cxd5 Nxd5 6. Bg2 Nc6 7. 0-0 Nc7 8. d3 Be7 9. Be3 e5 10. Qa4 Bd7 11. Rfc1 0-0 12. Qd1 Kh8 13. a3 f5 14. Rab1 g5 15. b4 g4 16. Nd2 Ne6 17. Nc4 f4 18. Bxc5 Nxc5 19. bxc5 fxg3 20. hxg3 Bxc5 21. Ne4 Bb6 22. e3 Qe7 23. Nxb6 axb6 24. Qb3 Rxa3 25. Qxb6 Bc8 26. Qc5 Rxd3 27. Qxe7 Nxe7 28. Rc7 Nd5 29. Rc2 b6 30. Bf1 Ra3 31. Rb5 Ra5 32. Rxa5 bxa5 33. Rc5 Bb7 34. Nd6 Ba8 35. Rxa5 Nc3 36. Rxe5 Bf3 37. Re8 Rxe8 38. Nxe8 Ne4 39. Nc7 Ng5 40. Nb5 Kg7 41. Nd4 Be4 42. Be2 h5 43. Kf1 Kf6 44. Bb5 Nf3 45. Nxf3 Bxf3 46. Bd3 Kg5 47. e4 h4 48. gxh4+ Kxh4 49. e5 g3 50. e6 gxf2 51. Kxf2 Bc6 52. Ke3 Kg5 53. Be4 Kf6 54. Bxc6 Kxe6 1/2-1/2

[Event "Oberliga Ost-B 1516"]
[Site "Germany"]
[Date "2015.10.10"]
[Round "2.2"]
[White "Albrecht, Juergen"]
[Black "Nehmert, Ulrich"]
[Result "1-0"]
[WhiteElo "2143"]
[BlackElo "2360"]
[PlyCount "66"]
[EventDate "2015.09.20"]
[EventType "team-tourn"]
[EventRounds "11"]
[EventCountry "GER"]
[SourceTitle "EXT 2017"]
[Source "ChessBase"]
[SourceDate "2016.10.25"]
[SourceVersion "1"]
[SourceVersionDate "2016.10.25"]
[SourceQuality "1"]
[WhiteTeam "Weimar"]
[BlackTeam "Wiesbaden"]
[WhiteTeamCountry "GER"]
[BlackTeamCountry "GER"]

1. e4 c5 2. Nf3 Nc6 3. d4 cxd4 4. Nxd4 Qb6 5. Nb3 Nf6 6. Nc3 e6 7. Bd3 Bb4 8. 0-0 0-0 9. Bg5 Be7 10. Be3 Qc7 11. f4 d6 12. Qf3 Re8 13. Rae1 a6 14. a3 Bf8 15. Qg3 d5 16. e5 Nd7 17. Kh1 g6 18. h4 Bg7 19. h5 Nf8 20. hxg6 fxg6 21. Nd4 Ne7 22. Qf3 b5 23. g4 Rb8 24. Nce2 b4 25. axb4 Rxb4 26. b3 g5 27. f5 exf5 28. gxf5 Qxe5 29. f6 Rb6 30. f7+ Kh8 31. fxe8Q Rh6+ 32. Qfh5 g4 33. Rxf8+ Bxf8 1-0

[Event "GER-chT Seniors 24th"]
[Site "Berlin"]
[Date "2015.09.08"]
[Round "3.2"]
[White "Nehmert, Ulrich"]
[Black "Ljubarskij, Jurij"]
[Result "1/2-1/2"]
[WhiteElo "2360"]
[BlackElo "2226"]
[PlyCount "57"]
[EventDate "2015.09.06"]
[EventType "team-swiss"]
[EventRounds "7"]
[EventCountry "GER"]
[SourceTitle "EXT 2018"]
[Source "ChessBase"]
[SourceDate "2017.10.13"]
[SourceVersion "1"]
[SourceVersionDate "2017.10.13"]
[SourceQuality "1"]

1. c4 c6 2. d4 d5 3. Nf3 Nf6 4. e3 e6 5. Bd3 Nbd7 6. 0-0 dxc4 7. Bxc4 b5 8. Be2 Bb7 9. b3 a6 10. Bb2 c5 11. a4 b4 12. Nbd2 Be7 13. Rc1 0-0 14. Ne5 cxd4 15. exd4 Nxe5 16. dxe5 Nd5 17. Ne4 Nf4 18. Rc4 Qxd1 19. Bxd1 Nd3 20. Ba1 Rac8 21. Nd6 Bxd6 22. exd6 Rxc4 23. bxc4 Rd8 24. Bc2 Nc5 25. Bd4 Ne4 26. c5 b3 27. Bxe4 Bxe4 28. f3 Bc6 29. Rb1 1/2-1/2